Statistics for Low-Cost Carrier "Almost There" Airports, North America Edition

Click here to take the quiz!

General Stats

  • This quiz has been taken 49 times
  • The average score is 19 of 37

Answer Stats

Airport Answer % Correct
BaltimoreBWIWashington
95%
AkronCAKCleveland
86%
Fort LauderdaleFLLMiami
81%
AllentownABEPhiladelphia
78%
North Las VegasVGTLas Vegas
78%
MesaAZAPhoenix
78%
AbbotsfordYXXVancouver
76%
OntarioONTLos Angeles
73%
Niagara FallsIAGBuffalo
73%
West Palm BeachPBIMiami
70%
John WayneSNALos Angeles
68%
ManchesterMHTBoston
65%
TrentonTTNPhiladelphia
65%
ProvidencePVDBoston
65%
BellinghamBLIVancouver/Seattle
62%
HamiltonYHMToronto
62%
IslipISPNew York
62%
CarlsbadCLDSan Diego
57%
RockfordRFDChicago
54%
OxnardOXRLos Angeles
54%
St. AugustineUSTJacksonville
51%
SanfordSFBOrlando
49%
WilmingtonILGPhiladelphia
49%
WindsorYQGDetroit
49%
Eau ClaireEAUMinneapolis
38%
NewburghSWFNew York
35%
YoungstownYNGPittsburgh
35%
Laughlin-Bullhead CityIFPLas Vegas
35%
BurlingtonBTVMontréal
32%
Pullman-MoscowPUWSpokane
30%
Punta GordaPGDFort Myers
27%
RickenbackerLCKColumbus
27%
TolucaTLCMexico City
27%
LatrobeLBEPittsburgh
27%
PlattsburghPBGMontréal
19%
BellevilleBLVSt. Louis
11%
ConcordUSACharlotte
3%

Score Distribution

Percentile by Number Answered

Percent of People with Each Score

Your Score History

You have not taken this quiz